[Event "AUTO-INT-1948"]
[Site "http://www.queenalice.com/game.php?id=897804"]
[Date "2011.2.8"]
[Round "1"]
[White "Deca10"]
[Black "Romerflu"]
[Result "1-0"]
[WhiteElo "1747"]
[BlackElo "1395"]

1. e4 e5 2. Nf3 d6 3. Bc4 Nf6 4. d3 a5 5. Ng5 Be6 6. Bxe6 fxe6 7. Nxe6 Qd7 8.
Nxf8 Rxf8 9. O-O Nc6 10. h3 b5 11. f4 O-O-O 12. fxe5 dxe5 13. Nc3 Qd4+ 14. Kh1
Nh5 15. Rxf8 1-0

[Event "AUTO-INT-1948"]
[Site "http://www.queenalice.com/game.php?id=897805"]
[Date "2011.2.8"]
[Round "1"]
[White "Romerflu"]
[Black "Deca10"]
[Result "0-1"]
[WhiteElo "1397"]
[BlackElo "1745"]

1. e4 e5 2. Nf3 Nf6 3. Nc3 Bb4 4. Nxe5 Qe7 5. f4 d6 6. Nd5 Nxd5 7. c3 Bxc3 8.
bxc3 Nxf4 9. Nd3 Qxe4+ 10. Be2 Nxd3+ 11. Kf1 Bh3 12. Bxd3 Qxg2+ 13. Ke1 Qxh1+
14. Ke2 Qxh2+ 15. Ke1 Qg3+ 0-1

[Event "AUTO-INT-1948"]
[Site "http://www.queenalice.com/game.php?id=897816"]
[Date "2011.2.8"]
[Round "1"]
[White "juli1"]
[Black "Romerflu"]
[Result "1-0"]
[WhiteElo "1715"]
[BlackElo "1440"]

1. Nc3 e5 2. e4 Nc6 3. Bc4 Nd4 4. Qh5 Qf6 5. Nd5 Qc6 6. Nxc7+ Kd8 7. Nxa8 Nxc2+
8. Kd1 Qxc4 9. Ne2 Nxa1 10. Qh4+ f6 11. f4 Qxe4 12. Qg3 b5 13. a3 Qxa8 14. fxe5
Ne7 15. exf6 gxf6 16. Rf1 Nd5 17. Qh4 Qc6 18. Rxf6 Nxf6 19. Nd4 1-0

[Event "AUTO-INT-1948"]
[Site "http://www.queenalice.com/game.php?id=897817"]
[Date "2011.2.8"]
[Round "1"]
[White "Romerflu"]
[Black "juli1"]
[Result "0-1"]
[WhiteElo "1435"]
[BlackElo "1720"]

1. e4 d6 2. d4 c5 3. dxc5 Qa5+ 4. Nc3 Qxc5 5. Bb5+ Nd7 6. Bxd7+ Bxd7 7. Nge2 Nf6
8. Be3 Qc8 9. O-O e5 10. Nd5 Nxe4 11. f3 Nc5 12. b4 Na4 13. a3 Nb2 14. Qb1 Nc4
15. a4 Be6 16. Ndc3 Nxe3 17. Re1 Be7 18. Ra3 Nc4 0-1

[Event "AUTO-INT-1948"]
[Site "http://www.queenalice.com/game.php?id=897824"]
[Date "2011.2.8"]
[Round "1"]
[White "Romerflu"]
[Black "robsonsouza"]
[Result "0-1"]
[WhiteElo "1360"]
[BlackElo "1595"]

1. e4 e5 2. Nf3 d6 3. a4 b6 4. Nc3 Bg4 5. h3 Bxf3 6. Qxf3 g6 7. Bc4 f6 8. Bxg8
Rxg8 9. Nd5 Nd7 10. O-O Nc5 11. b3 Na6 12. Nxf6+ Ke7 13. Nxg8+ Kd7 14. Qf7+ Kc8
15. Qxh7 Kb7 16. Qxg6 Nc5 17. Nf6 Ne6 0-1

[Event "AUTO-INT-1948"]
[Site "http://www.queenalice.com/game.php?id=897825"]
[Date "2011.2.8"]
[Round "1"]
[White "robsonsouza"]
[Black "Romerflu"]
[Result "1-0"]
[WhiteElo "1602"]
[BlackElo "1353"]

1. e4 e5 2. Nf3 d6 3. g3 Bg4 4. Be2 Bxf3 5. Bxf3 Nc6 6. Qe2 Nd4 7. Qd3 Nxf3+ 8.
Qxf3 Qf6 9. Qc3 c6 10. b3 O-O-O 11. Qa5 g6 12. Qxa7 Kd7 13. Qxb7+ Ke8 14. Qxc6+
Ke7 15. Nc3 Nh6 16. Nd5+ Ke6 17. Nxf6 1-0

[Event "AUTO-INT-1955"]
[Site "http://www.queenalice.com/game.php?id=900851"]
[Date "2011.2.15"]
[Round "1"]
[White "Romerflu"]
[Black "Lionthrone"]
[Result "0-1"]
[WhiteElo "1449"]
[BlackElo "1735"]

1. e4 e5 2. Nf3 Nc6 3. g3 Bc5 4. c3 Nf6 5. d3 d5 6. exd5 Nxd5 7. Nxe5 Bxf2+ 8.
Kxf2 Nxe5 9. d4 Ng4+ 10. Kg1 O-O 11. Bh3 Nge3 12. Bxe3 Nxe3 13. Qd3 Bxh3 14.
Qxe3 Re8 15. Qf2 Qd5 16. Nd2 Re3 17. c4 Qxd4 18. Qf4 Rxg3# 0-1

[Event "AUTO-INT-1955"]
[Site "http://www.queenalice.com/game.php?id=900866"]
[Date "2011.2.15"]
[Round "1"]
[White "Clemente"]
[Black "Romerflu"]
[Result "1-0"]
[WhiteElo "1428"]
[BlackElo "1430"]

1. c4 e5 2. d4 Nc6 3. d5 Nd4 4. e3 Nf5 5. Bd3 d6 6. Nh3 Nxe3 7. Bxe3 Bxh3 8.
gxh3 Nf6 9. Nc3 g6 10. h4 Bg7 11. Qa4+ Nd7 12. Bg5 Bf6 13. Bxf6 Qxf6 14. Ne4 Qf3
15. Kd2 1-0

[Event "AUTO-INT-1955"]
[Site "http://www.queenalice.com/game.php?id=900867"]
[Date "2011.2.15"]
[Round "1"]
[White "Romerflu"]
[Black "Clemente"]
[Result "0-1"]
[WhiteElo "1414"]
[BlackElo "1444"]

1. e4 e5 2. Nf3 d6 3. Bc4 Nf6 4. d3 Be6 5. Bxe6 fxe6 6. Bg5 d5 7. Nxe5 Bb4+ 8.
c3 Bd6 9. Bxf6 Qxf6 10. Nf3 dxe4 11. dxe4 e5 12. Nbd2 Nd7 13. O-O g5 14. h3 h5
15. Nc4 g4 0-1

[Event "AUTO-OPEN-2268"]
[Site "http://www.queenalice.com/game.php?id=902098"]
[Date "2011.2.18"]
[Round "1"]
[White "V_Spy"]
[Black "Romerflu"]
[Result "1-0"]
[WhiteElo "1813"]
[BlackElo "1444"]

1. e4 e5 2. Nf3 d6 3. Bc4 Nf6 4. Qe2 Nc6 5. O-O g6 6. Nc3 Bh6 7. Bb5 Bd7 8. Bxc6
Bxc6 9. d3 Bxc1 10. Raxc1 a5 11. h3 b5 12. d4 exd4 13. Nxd4 Bd7 14. Ndxb5 O-O
15. e5 1-0

[Event "AUTO-OPEN-2268"]
[Site "http://www.queenalice.com/game.php?id=902099"]
[Date "2011.2.18"]
[Round "1"]
[White "Romerflu"]
[Black "V_Spy"]
[Result "0-1"]
[WhiteElo "1442"]
[BlackElo "1815"]

1. e4 e5 2. Nc3 Nf6 3. d3 Bc5 4. Nh3 O-O 5. g3 Nc6 6. Bg2 d6 7. Bg5 h6 8. Bxf6
Qxf6 9. Nd5 Qg6 10. a3 Bg4 11. b4 Bxd1 12. b5 Nd4 13. Ne7+ Kh7 14. Nxg6 Kxg6 15.
Rxd1 Nxc2+ 0-1

[Event "AUTO-OPEN-2268"]
[Site "http://www.queenalice.com/game.php?id=902118"]
[Date "2011.2.18"]
[Round "1"]
[White "Denisdd"]
[Black "Romerflu"]
[Result "1-0"]
[WhiteElo "1586"]
[BlackElo "1322"]

1. d4 e6 2. c4 d5 3. Nc3 dxc4 4. e4 Bb4 5. Bxc4 Nf6 6. Qa4+ Nc6 7. e5 Nh5 8. Ne2
O-O 9. Be3 a6 10. O-O Bxc3 11. bxc3 b5 12. Bxb5 Ne7 13. Bc4 Nd5 14. Bd2 Bb7 15.
g4 Nhf4 16. Nxf4 Nxf4 17. Bxf4 f5 18. Bxe6+ Kh8 19. g5 g6 20. Rab1 1-0

[Event "AUTO-OPEN-2268"]
[Site "http://www.queenalice.com/game.php?id=902119"]
[Date "2011.2.18"]
[Round "1"]
[White "Romerflu"]
[Black "Denisdd"]
[Result "0-1"]
[WhiteElo "1322"]
[BlackElo "1570"]

1. e4 g6 2. Qf3 Bg7 3. Bc4 e6 4. Nc3 Nc6 5. Nge2 Ne5 6. Qf4 Nxc4 7. d3 Nd6 8.
O-O Ne7 9. b3 O-O 10. e5 Ndf5 11. Ba3 d6 12. exd6 cxd6 13. g4 e5 14. Qc1 Nh4 15.
Ng3 Bxg4 16. Qg5 Nf3+ 17. Kg2 Nxg5 18. Nb5 Bh3+ 19. Kg1 Nf3+ 0-1

[Event "AUTO-OPEN-2268"]
[Site "http://www.queenalice.com/game.php?id=902128"]
[Date "2011.2.18"]
[Round "1"]
[White "ishamael13"]
[Black "Romerflu"]
[Result "1-0"]
[WhiteElo "2071"]
[BlackElo "1419"]

1. e4 e5 2. Nf3 d6 3. Nc3 Bg4 4. Be2 Bxf3 5. Bxf3 g6 6. O-O c6 7. d4 Bg7 8. Be3
Nd7 9. d5 cxd5 10. Qxd5 b6 11. Qxd6 Ngf6 12. Rad1 Rc8 13. Nd5 Nxd5 14. Rxd5 Rxc2
15. Bg5 f6 16. Qe6+ Kf8 17. Rxd7 Rc8 18. Qf7# 1-0

[Event "AUTO-OPEN-2268"]
[Site "http://www.queenalice.com/game.php?id=902129"]
[Date "2011.2.18"]
[Round "1"]
[White "Romerflu"]
[Black "ishamael13"]
[Result "0-1"]
[WhiteElo "1399"]
[BlackElo "2035"]

1. e4 Nf6 2. e5 Nd5 3. c4 Nb6 4. c5 Nd5 5. Bc4 e6 6. d4 d6 7. Bxd5 exd5 8. cxd6
cxd6 9. exd6 Bxd6 10. Nf3 O-O 11. O-O Bg4 12. Nc3 Nc6 13. h3 Bh5 14. b3 Qf6 15.
g4 Bg6 16. a4 h5 17. g5 Qf5 18. Kg2 Bf4 19. Bxf4 Qxf4 20. Nxd5 Qd6 21. Ne3 f5
0-1